Piesnenie

Podrobná bibliografia
Hlavný autor: Lasica, Milan, 1940-2021 (Autor)
Ďalší autori: Ormandík, Marek, 1968- (Ilustrátor)
Médium: Kniha
Jazyk:slovenčina
Fyzický popis:136 nečíslovaných strán ilustrácie, ilustrované listy 24 cm
Vydavateľské údaje: Bratislava Slovart 2022
ISBN:9788055658339
Vydanie:Druhé slovenské vydanie
Predmet:

MARC

LEADER 00000cam a2200000 4500
001 vtls012156176
003 SK-MaSNL
005 20260301105432.0
008 221207s2022 xo a g 000 p slo
015 |a SNBA2023/08 
020 |a 9788055658339  |q (viazané)  |z 9788056658338 
040 |a SNK  |b slo  |c SNK  |e rda 
041 0 |a slo 
044 |a xo  |c SK 
072 7 |a 821.162.4-1  |x Slovenská poézia  |2 konspekt 
080 |a 821.162.4-1  |2 2011 
080 |a 76  |2 2011 
080 |a 82-17  |2 2011 
100 1 |a Lasica, Milan,  |d 1940-2021  |4 aut  |9 93511 
245 1 0 |a Piesnenie  |c Milan Lasica, Marek Ormandík 
250 |a Druhé slovenské vydanie 
264 1 |a Bratislava  |b Slovart  |c 2022 
300 |a 136 nečíslovaných strán  |b ilustrácie, ilustrované listy  |c 24 cm 
336 |a text  |b txt  |2 rdacontent 
336 |a statický obraz  |b sti  |2 rdacontent 
337 |a bez média  |b n  |2 rdamedia 
338 |a zväzok  |b nc  |2 rdacarrier 
650 0 7 |a grafika  |2 SNKPH  |9 814 
650 0 7 |a Prints  |2 SNKPHeng  |9 294897 
655 7 |a Humorous poetry  |2 SNKPHeng  |9 327068 
655 7 |a humoristická poézia  |2 SNKPH  |9 114725 
655 7 |a Slovak poetry  |2 SNKPHeng  |9 265010 
655 7 |a slovenská poézia  |2 SNKPH  |9 70444 
700 1 |a Ormandík, Marek,  |d 1968-  |4 ill  |9 102197 
852 |a Slovenská národná knižnica 
919 |a 978-80-556-5833-9 
954 |a obrazové publikácie zamerané na výtvarné umenie a fotografiu pôvodné (slovenské)  |2 lita 
954 |a beletria pôvodná (slovenská)  |2 lita 
958 |a LX 
999 |c 700849  |d 702779 
952 |a SNK  |b SNK  |y PREZ  |7 0  |p 17A1516216  |o snkSC 200101  |i snk2022/18301  |8 0  |0 0  |1 0  |4 0  |d 2022-12-07  |l 0  |r 2025-10-22 00:00:00  |w 2026-02-23 
952 |a SNK  |b SNK  |y VYP  |7 0  |p 17A1516217  |o snkSC 200101 D1  |i snk2022/18302  |8 0  |0 0  |1 0  |4 0  |d 2022-12-07  |l 0  |r 2026-02-23 20:56:39  |w 2026-02-23